Kelet varázsa vagy nyugati képzelgés?- Egyiptom turisztikai és kulturális reprezentációja
| Szerző: | |
|---|---|
| További közreműködők: | |
| Dokumentumtípus: | Diplomadolgozat |
| Kulcsszavak: | egyiptológia Egyiptom Egyiptománia szociálpszichológia turizmus |
| Online Access: | http://dolgozattar.uni-bge.hu/59561 |
MARC
| LEADER | 00000nta a2200000 i 4500 | ||
|---|---|---|---|
| 001 | dolg59561 | ||
| 005 | 20260409145231.0 | ||
| 008 | 260409suuuu hu om 000 hun d | ||
| 040 | |a BGE Dolgozattár Repozitórium |b hun | ||
| 041 | |a hu | ||
| 100 | 1 | |a Hangyál Dóra | |
| 245 | 1 | 0 | |a Kelet varázsa vagy nyugati képzelgés?- Egyiptom turisztikai és kulturális reprezentációja |c Hangyál Dóra |h [elektronikus dokumentum] |
| 520 | 3 | |a A dolgozat célja, hogy feltárja az egyiptománia – az ókori Egyiptom iránti rajongás – és a modern turizmus kapcsolatát, különös tekintettel a kulturális reprezentációkra és a közösségi média hatására. A kutatás kérdőíves adatfelvétellel és netnográfiai elemzéssel vizsgálta, milyen kép él a magyar lakosságban Egyiptomról, milyen motivációk vezérlik az utazókat, és hogyan alakítják az online terek az ország turisztikai imázsát. Az eredmények szerint Egyiptom népszerűsége továbbra is elsősorban az egzotikus, misztikus múlt iránti vonzalomból fakad, miközben a kortárs kultúra kevésbé ismert. A dolgozat rámutat arra, hogy az egyiptománia és az egyiptológia egymást erősítő, kölcsönhatásban álló jelenségek, amelyek együtt formálják Egyiptom turisztikai vonzerejét a globális és hazai köztudatban. | |
| 695 | |a egyiptológia | ||
| 695 | |a Egyiptom | ||
| 695 | |a Egyiptománia | ||
| 695 | |a szociálpszichológia | ||
| 695 | |a turizmus | ||
| 700 | 1 | |a Hübner Andrea Gabriella |e ths | |
| 856 | 4 | 0 | |u http://dolgozattar.uni-bge.hu/59561/1/SZAKDOLGOZAT_Hangya%CC%81l_Do%CC%81ra_GKJLA6-2.pdf |z Dokumentum-elérés |
| 856 | 4 | 0 | |u http://dolgozattar.uni-bge.hu/59561/2/Hangy%C3%A1l%20D%C3%B3ra%20b%C3%ADr%C3%A1lat%20Farkas.pdf |z Dokumentum-elérés |
| 856 | 4 | 0 | |u http://dolgozattar.uni-bge.hu/59561/3/Hangy%C3%A1l%20D%C3%B3ra.pdf%202.pdf |z Dokumentum-elérés |